Dávky dôchodkového zabezpečenia

Občania SR majú právo na primerané hmotné zabezpečenie v starobe. Toto právo sa realizuje poskytovaním dávok dôchodkového zabezpečenia. Z dôchodkového zabezpečenia sa poskytujú: dôchodky, zvýšenie dôchodku pre bezvládnosť, ďalšie jednorazové dávky. Najväčšou skupinou týchto dávok sú dôchodky. Spôsob...

Ausführliche Beschreibung

Gespeichert in:
Bibliographische Detailangaben
1. Verfasser: Bolješiková, Jindra
Format: Buchkapitel
Sprache:Slowakisch
Schlagworte:
Tags: Tag hinzufügen
Keine Tags, Fügen Sie das erste Tag hinzu!

MARC

LEADER 00000naa a2200000 4500
001 r033592
005 20230922130948.0
041 0 |a slo 
044 |a SK 
245 1 0 |a Dávky dôchodkového zabezpečenia  |c Jindra Bolješiková 
520 |a Občania SR majú právo na primerané hmotné zabezpečenie v starobe. Toto právo sa realizuje poskytovaním dávok dôchodkového zabezpečenia. Z dôchodkového zabezpečenia sa poskytujú: dôchodky, zvýšenie dôchodku pre bezvládnosť, ďalšie jednorazové dávky. Najväčšou skupinou týchto dávok sú dôchodky. Spôsob výplaty. Príjemcovia dávok. 
610 2 0 |a zabezpečenie dôchodkové 
610 2 0 |a dôchodky 
610 2 0 |a dávky 
610 2 0 |a Slovensko 
100 1 |a Bolješiková, Jindra